000 00592nam a2200205Ia 4500
001 14819
003 GE_BSU
008 181216s||||||||xx |||||||||||||| ||und||
040 _cGE_BSU
080 _a514(075.8)
100 _aАргунов, Б.И., Балк,М. Б.
245 _aЭлементарная геометрия.
245 _bУчебное пособие для пед. ин-тов
260 _aМосква
260 _bПросвещение.
260 _c1966.
300 _a365стр.22см.
653 _aЭлементарная геометрия.
942 _cBK
999 _c47942
_d47942